All Former Flags of the World - Statistics

General Stats
  • This quiz has been taken 49 times
    34 since last reset
  • The average score is 82 of 196
Answer Stats
Picture Answer % Correct
Australia
100%
United Kingdom
100%
United States
100%
New Zealand
88%
Bulgaria
81%
Canada
81%
France
81%
Hungary
81%
Ireland
81%
Italy
81%
Ivory coast
81%
Netherlands
81%
Russia
81%
Bangladesh
69%
Japan
69%
Norway
69%
South Korea
69%
Sweden
69%
Albania
63%
Belgium
63%
Bhutan
63%
Cyprus
63%
Dominican Republic
63%
Greece
63%
Kosovo
63%
Lebanon
63%
Nepal
63%
Niger
63%
Switzerland
63%
Vatican City
63%
Cameroon
56%
India
56%
Israel
56%
Libya
56%
Maldives
56%
Mauritania
56%
Mexico
56%
Oman
56%
Papua New Guinea
56%
Peru
56%
Saudi Arabia
56%
South Africa
56%
South Sudan
56%
Spain
56%
Tunisia
56%
Turkey
56%
Turkmenistan
56%
Afghanistan
50%
Angola
50%
Argentina
50%
Austria
50%
Bahrain
50%
Belize
50%
Brazil
50%
Brunei
50%
Burundi
50%
Chile
50%
Costa Rica
50%
Croatia
50%
Cuba
50%
Djibouti
50%
El Salvador
50%
Equatorial Guinea
50%
Eritrea
50%
Eswatini
50%
Ethiopia
50%
Haiti
50%
Honduras
50%
Iran
50%
Iraq
50%
Jordan
50%
Laos
50%
Liechtenstein
50%
Malawi
50%
Mali
50%
Mozambique
50%
Myanmar
50%
Namibia
50%
Nicaragua
50%
North Korea
50%
Panama
50%
Paraguay
50%
Philippines
50%
Poland
50%
Rwanda
50%
Sao Tome and Principe
50%
Serbia
50%
Somalia
50%
Taiwan
50%
Uruguay
50%
Venezuela
50%
Andorra
44%
Cambodia
44%
Central African Republic
44%
Chad
44%
China
44%
Denmark
44%
F.S. Micronesia
44%
Gabon
44%
Germany
44%
Guatemala
44%
Guinea
44%
Guinea-Bissau
44%
Kiribati
44%
Liberia
44%
Mongolia
44%
Montenegro
44%
Portugal
44%
Qatar
44%
Romania
44%
Saint Lucia
44%
Sri Lanka
44%
Syria
44%
Thailand
44%
Zambia
44%
Comoros
38%
D.R. Congo
38%
Egypt
38%
Finland
38%
Georgia
38%
Iceland
38%
Luxembourg
38%
Malta
38%
Monaco
38%
Tanzania
38%
Uganda
38%
Uzbekistan
38%
Vietnam
38%
Azerbaijan
31%
Bosnia and Herzegovina
31%
Colombia
31%
Estonia
31%
Indonesia
31%
Lesotho
31%
North Macedonia
31%
Pakistan
31%
Tuvalu
31%
Yemen
31%
Zimbabwe
31%
Belarus
25%
Benin
25%
Burkina Faso
25%
Cape Verde
25%
Ecuador
25%
Fiji
25%
Ghana
25%
Kazakhstan
25%
Lithuania
25%
Marshall Islands
25%
Moldova
25%
Palau
25%
Saint Vincent and the Grenadines
25%
San Marino
25%
Seychelles
25%
Singapore
25%
Slovenia
25%
Sudan
25%
Vanuatu
25%
Algeria
19%
East Timor
19%
Jamaica
19%
Kenya
19%
Kuwait
19%
Latvia
19%
Malaysia
19%
Senegal
19%
Slovakia
19%
Suriname
19%
Tajikistan
19%
Togo
19%
Ukraine
19%
United Arab Emirates
19%
Antigua and Barbuda
13%
Armenia
13%
Bahamas
13%
Barbados
13%
Bolivia
13%
Czech Republic
13%
Gambia
13%
Kyrgyzstan
13%
Madagascar
13%
Morocco
13%
Nauru
13%
Nigeria
13%
Rep. of Congo
13%
Saint Kitts and Nevis
13%
Samoa
13%
Tonga
13%
Trinidad and Tobago
13%
Botswana
6%
Dominica
6%
Grenada
6%
Guyana
6%
Mauritius
6%
Sierra Leone
6%
Solomon Islands
6%
No matching quizzes found
Score Distribution
Percent of People with Each Score
Percentile by Number Answered
Your Score History
You have not taken this quiz since the last reset